Converging Strategies by farmers and scientists to improve soil fertility and enhance crop production in Benin (Record no. 32704)

MARC details
000 -LEADER
fixed length control field 01577 a2200433 4500
041 ## - CODE DE LANGUE
Language code of summary or abstract/overprinted title or subtitle En
040 ## - SOURCE DU CATALOGAGE
Original cataloging agency Support
041 ## - CODE DE LANGUE
Language code of summary or abstract/overprinted title or subtitle En
020 ## - NUMERO INTERNATIONAL NORMALISE DES LIVRES
International Standard Book Number 90-8585-098-3
020 ## - NUMERO INTERNATIONAL NORMALISE DES LIVRES
International Standard Book Number 90-8504-433-2
100 ## - VEDETTE PRINCIPALE - NOM DE PERSONNE
Personal name SAÏDOU, Aliou
130 ## - VEDETTE PRINCIPALE - TITRE UNIFORME
Language of a work En
100 ## - VEDETTE PRINCIPALE - NOM DE PERSONNE
Affiliation Wageningen, Université et centre de recherche de wageningen, Science de l'environement,Departement de qualité du sol, Bj
260 ## - PUBLICATION, DISTRIBUTION, ETC. (IMPRINT)
Place of publication, distribution, etc Wageningen
260 ## - PUBLICATION, DISTRIBUTION, ETC. (IMPRINT)
Name of publisher, distributor, etc Université de Wageningen
260 ## - PUBLICATION, DISTRIBUTION, ETC. (IMPRINT)
Date of publication, distribution, etc 2006
245 ## - TITLE STATEMENT
Title Converging Strategies by farmers and scientists to improve soil fertility and enhance crop production in Benin
300 ## - PHYSICAL DESCRIPTION
Extent 224p.
300 ## - PHYSICAL DESCRIPTION
Other physical details Ill., Couv. ill. ; 24 cm
440 ## - SERIES STATEMENT/ADDED ENTRY--TITLE
Number of part/section of a work 84
440 ## - SERIES STATEMENT/ADDED ENTRY--TITLE
International Standard Serial Number 0926-9495
502 ## - DISSERTATION NOTE
Dissertation note Thèse de Doctorat
520 ## - SUMMARY, ETC.
Summary, etc Les producteurs de la zone de transition du Benin affirment que la jachère manioc et la précédente fumure minérale au cotonnier réhaussent le rendement d'une subséquente culture de maïs.De façon participative, ces inovations sont étudiées. L'étude a également portée sur la tenure foncière, contrainte affectant la gestion durable de la fertilité des terres.
650 ## - SUBJECT ADDED ENTRY--TOPICAL TERM
Topical term or geographic name as entry element PRODUCTEURS
650 ## - SUBJECT ADDED ENTRY--TOPICAL TERM
Topical term or geographic name as entry element MAÏS
650 ## - SUBJECT ADDED ENTRY--TOPICAL TERM
Topical term or geographic name as entry element TERRE
650 ## - SUBJECT ADDED ENTRY--TOPICAL TERM
Topical term or geographic name as entry element SOL
653 1# - INDEX TERM--UNCONTROLLED
Uncontrolled term Agronomie
653 #1 - INDEX TERM--UNCONTROLLED
Uncontrolled term Production Végétale
651 ## - SUBJECT ADDED ENTRY--GEOGRAPHIC NAME
Geographic name BENIN
690 ## - LOCAL SUBJECT ADDED ENTRY--TOPICAL TERM (OCLC, RLIN)
Topical term or geographic name as entry element CHAMPIONS MYCORRHIZIENS
690 ## - LOCAL SUBJECT ADDED ENTRY--TOPICAL TERM (OCLC, RLIN)
Topical term or geographic name as entry element FERTILITE DU SOL
690 ## - LOCAL SUBJECT ADDED ENTRY--TOPICAL TERM (OCLC, RLIN)
Topical term or geographic name as entry element JACHERE MANIOC
710 ## - ADDED ENTRY--CORPORATE NAME
Corporate name or jurisdiction name as entry element Université de Wageningen
Holdings
Withdrawn status Lost status Damaged status Not for loan Location (home branch) Sublocation or collection (holding branch) Date acquired Koha issues (times borrowed) Koha full call number Koha date last seen Copy number Price effective from Koha item type Public note
        Bibliothèque-Centre de Documentation de la Faculté des Sciences Agronomiques Bibliothèque-Centre de Documentation de la Faculté des Sciences Agronomiques 08/07/2017   T.PV.2006.013 28/02/2009 01 28/02/2009 Livre A.11165


© 2008, Bibliothèques de l'Université d'Abomey-Calavi

04 BP 789 Cotonou, Tél. : +229 21 36 01 01, Fax : +229 21 35 06 32

Courriel : bu@bu.uac.bj